000 01432nam a2200385 a 4500
999 _c48864
_d48864
003 BLK
005 20241220172334.0
008 180408b bul|||||r ||||||| ||bul||
010 _aKNG00052683000
020 _a978-954-625-570-9
040 _aBLK
041 _aBUL
_cBUL
072 7 _2bullib
_aН85
_xДетска художествена литература Н
080 _aБългарска литература
_b821.163.2
_x-93-1
_z821.163.2-93-1
100 1 _aЦанков, Атанас Иванов
_eпърви автор
_9363727
139 _aЦанков, Атанас Иванов
_bЦ 17
245 1 0 _aКоледа в гората
_b[Приказка в стихове]
_cАтанас Иванов Цанков.
257 _aBGR
260 _aСофия
_bФют
_c[2009]
300 _a12 с.
_bс цв. ил.
_c27 см
380 _aDX
490 _aПоредица Във вълшебната гора
_9201161
500 _a1. изд. 2003. - Авт. не е отбелязан на кор.
653 _aприказки
653 _aКоледа
653 _aлитература за деца
653 _aдетска литература
659 _aН
856 4 _qpdf
856 4 _qpdf
942 _cKNG
_n0
_041
_s1
944 _aCR
_c28.01.2016
_lБояна Костадинова
_k30551
944 _aED
_c31.07.2017
_lф /
_kЛюдмила_Стоянова
999 _d48864